000 00396pam a2200157a 44500
008 230515b1982 xxu||||| |||| 00| 0 eng d
020 _aNULL
041 _aENGL
082 _a306.7 RAJ
100 _a"RAJ HANS,"
245 _aSOCIETY IN INDIA
250 _a0
260 _aDELHI
_bSURJEET BOOK DEPOT
_c1982
300 _aIV+370
650 _a"SOCIOLOGY,SOCIETY,INDIAN SOCIETY S FAMILY,KINSHIP"
999 _c537428
_d537428